| 000 | 00495nam a2200181 i 4500 | ||
|---|---|---|---|
| 001 | C00034441c | ||
| 005 | 20241029144812.0 | ||
| 008 | 980903s1831 xxk 000 0 eng d | ||
| 080 | _a914.60 | ||
| 245 | 0 | 2 |
_aA YEAR in Spain / _cby a young american. |
| 260 |
_aLondon : _bJohn Murray, _c1931. |
||
| 300 |
_a2 v. ; _c21 cm. |
||
| 500 | _aLegado Lafuente Ferrari. | ||
| 651 |
_aEspaƱa- _xDescripciones y viajes. _979277 |
||
| 852 | 4 | 2 | _jLF-8738, LF-8739 |
| 999 |
_c33661 _d33661 |
||